MAASAI MARA UNIVERSITY

LIBRARY CATALOGUE

Contact Us: +254 020 2685356/7 or 0774 057787

Box: 861-20500, NAROK, KENYA

Email: info@mmarau.ac.ke

_Writing English Language Test Longman Hardbooks for language Teachers (Record no. 5934)

MARC details
000 -LEADER
fixed length control field 00412nam a2200133Ia 4500
008 - FIXED-LENGTH DATA ELEMENTS--GENERAL INFORMATION
fixed length control field 151021s9999 xx 000 0 und d
020 ## - INTERNATIONAL STANDARD BOOK NUMBER
International Standard Book Number 582550807
050 ## - LIBRARY OF CONGRESS CALL NUMBER
Classification number PE1128.AH3941975
245 ## - TITLE STATEMENT
Title _Writing English Language Test Longman Hardbooks for language Teachers
260 ## - PUBLICATION, DISTRIBUTION, ETC. (IMPRINT)
Place of publication, distribution, etc. England Longman Group Ltd 1975
300 ## - PHYSICAL DESCRIPTION
Extent xi,236p.;ill.
650 ## - SUBJECT ADDED ENTRY--TOPICAL TERM
Topical term or geographic name as entry element _Grammar and Usage
980 ## - EQUIVALENCE OR CROSS-REFERENCE-SERIES STATEMENT--PERSONAL NAME/TITLE [LOCAL, CANADA]
Personal name ^d20110419 03:23:46^okorir

No items available.

© 2016 Maasai Mara University.